000 005610000a22002050004500
003 LK-CoMWRAF
005 20240106150049.0
008 230817t2005 ||||| |||| 00| 0 eng d
020 _a955809577X
040 _aLK-CoMWRAF
_dLK-CoMWRAF
_eLK-CoMWRAF
041 _aeng
082 _a823.081
_bPER
100 _aPerera, C. Gaston
245 _aSons of the rebel
260 _aColombo:
_bVijitha Yapa,
_c2005
300 _a 420 p. : ill. ; 25 cm
_bBibliography and glossary included
650 _aHISTORICAL FICTION
650 _aSri Lanka- History
942 _cBK
999 _c797
_d797